000
00286nam a2200121 a 4500
005
20140414131950.0
008
110202s19uu xx 00 eng d
050
_a
TR 372.7
_b
H76 1991
100
_a
Hoffer, Alan
245
_a
Mathematics in action.
999
_c
112775
_d
112775